000 00310nam a22001337a 4500
008 170824b xxu||||| |||| 00| 0 eng d
020 _a01369601382
041 _aeng
080 _a51
100 _a38
101 _aMAT
245 _aTHE PRENTICE-HALL ENCYCLOPEDIA OF MATHEMATICS
_cWEST,B.H
942 _2udc
_cBK
999 _c24857
_d24857